000 01237nam a22003014a 4500
001 ebr10298293
003 CaPaEBR
006 m u
007 cr cn|||||||||
008 070904s2008 txua s 000 0 eng
010 _z 2007036294
020 _z1933771283
040 _aCaPaEBR
_cCaPaEBR
035 _a(OCoLC)503447331
050 1 4 _aPS3558.E63
_bZ87 2007eb
082 0 4 _a813/.54
_222
245 0 4 _aThe science of Dune
_h[electronic resource] :
_bunauthorized exploration into the real science behind Frank Herbert's fictional universe /
_cedited by Kevin R. Grazier, Ph.D.
260 _aDallas, TX :
_bBenBella Books,
_c2008.
300 _aix, 232 p. :
_bill.
533 _aElectronic reproduction.
_bPalo Alto, Calif. :
_cebrary,
_d2013.
_nAvailable via World Wide Web.
_nAccess may be limited to ebrary affiliated libraries.
600 1 0 _aHerbert, Frank.
_tDune.
650 0 _aScience fiction, American
_xHistory and criticism.
650 0 _aDune (Imaginary place)
655 7 _aElectronic books.
_2local
700 1 _aGrazier, Kevin Robert,
_d1961-
710 2 _aebrary, Inc.
856 4 0 _uhttp://site.ebrary.com/lib/rucke/Doc?id=10298293
_zAn electronic book accessible through the World Wide Web; click to view
999 _c64379
_d64379